[Event "Santa Fe Litoral op 2nd"]
[Site "Santa Fe"]
[Date "2022.11.12"]
[Round "4"]
[White "Gonzalez, Santiago Daniel"]
[Black "Rios, Emiliano"]
[Result "0-1"]
[WhiteElo "1276"]
[BlackElo "1868"]
[PlyCount "50"]
[EventDate "2022.11.10"]
[EventType "swiss"]
[EventRounds "7"]
[EventCountry "ARG"]
[SourceTitle "CBM 211 Extra"]
[Source "ChessBase"]
[SourceDate "2023.01.31"]
[SourceVersion "1"]
[SourceVersionDate "2023.01.31"]
[SourceQuality "1"]

1. e4 e5 2. Nc3 Nf6 3. g3 d5 4. exd5 Nxd5 5. Bg2 Be6 6. d4 exd4 7. Qxd4 Nc6 8. Qe4 Bb4 9. Nge2 0-0 10. 0-0 Nxc3 11. Nxc3 Re8 12. Qf4 Nd4 13. Kh1 Nxc2 14. Rb1 Bd6 15. Qe4 Nb4 16. Rd1 Bb3 17. Qxe8+ Qxe8 18. axb3 c6 19. Be3 Qe6 20. Ne4 Be7 21. Nc5 Bxc5 22. Bxc5 Qxb3 23. Rd4 Nd3 24. Be7 Nxf2+ 25. Kg1 Qe3 0-1

[Event "Parana Dos Orillas op"]
[Site "Parana"]
[Date "2022.10.01"]
[Round "3"]
[White "Rios, Emiliano"]
[Black "Lopez, Hector"]
[Result "0-1"]
[WhiteElo "1874"]
[BlackElo "1639"]
[PlyCount "56"]
[EventDate "2022.09.30"]
[EventType "swiss"]
[EventRounds "6"]
[EventCountry "ARG"]
[SourceTitle "EXT 2023"]
[Source "ChessBase"]
[SourceDate "2022.10.05"]
[SourceVersion "1"]
[SourceVersionDate "2022.10.05"]
[SourceQuality "1"]

1. e4 c5 2. Nf3 g6 3. d4 cxd4 4. Qxd4 Nf6 5. e5 Nc6 6. Qa4 Nd5 7. Qe4 e6 8. Bc4 Nb6 9. Bb5 Bg7 10. Nc3 d5 11. exd6 Qxd6 12. 0-0 0-0 13. Rd1 Qe7 14. Bg5 Bf6 15. Qh4 Bxg5 16. Nxg5 f6 17. Nge4 Kg7 18. Nd6 e5 19. Rd2 Nd4 20. Nxc8 Raxc8 21. Rad1 Nc4 22. Bxc4 Rxc4 23. Qe4 Qb4 24. Qd5 g5 25. Ne4 Rxc2 26. Rxc2 Nxc2 27. Rc1 Qxb2 28. Qd2 Rd8 0-1

[Event "Santa Fe qual Santafesino op"]
[Site "Santa Fe"]
[Date "2021.03.26"]
[Round "2"]
[White "Decoud, Patricio"]
[Black "Rios, Emiliano"]
[Result "0-1"]
[WhiteElo "1557"]
[BlackElo "1712"]
[PlyCount "90"]
[EventDate "2021.03.26"]
[EventType "swiss"]
[EventRounds "7"]
[EventCountry "ARG"]
[SourceTitle "EXT 2022"]
[Source "ChessBase"]
[SourceDate "2021.10.06"]
[SourceVersion "1"]
[SourceVersionDate "2021.10.06"]
[SourceQuality "1"]

1. e4 e5 2. Nf3 Nc6 3. Bb5 Nf6 4. d3 d6 5. Bg5 Be7 6. d4 exd4 7. Nxd4 Bd7 8. 0-0 0-0 9. Nc3 a6 10. Nxc6 bxc6 11. Bd3 h6 12. Be3 Ng4 13. Bd2 Bf6 14. Be2 Ne5 15. f4 Ng6 16. Bc4 Rb8 17. Qh5 Kh7 18. Rae1 Bd4+ 19. Kh1 Qh4 20. Qxh4 Nxh4 21. f5 d5 22. Bd3 dxe4 23. Rxe4 Bf6 24. g3 Bxf5 25. Rxf5 Nxf5 26. Rf4 g6 27. g4 Bxc3 28. Bxc3 Nd6 29. g5 hxg5 30. Rf3 g4 31. Rf6 Rbe8 32. h4 Ne4 33. Rxc6 Nxc3 34. Rxc3 Re7 35. h5 f5 36. hxg6+ Kxg6 37. Rc6+ Rf6 38. Rc4 Kg5 39. Kg2 f4 40. Ra4 Kh4 41. Kf2 f3 42. Bxa6 Rxa6 43. Rxa6 Re2+ 44. Kf1 Rxc2 45. b4 Kg3 0-1

[Event "Santa Fe U2000 op 2nd"]
[Site "Santa Fe"]
[Date "2018.03.25"]
[Round "6.9"]
[White "Rubattino, Jorge"]
[Black "Rios, Emiliano"]
[Result "1/2-1/2"]
[WhiteElo "1711"]
[BlackElo "1665"]
[PlyCount "87"]
[EventDate "2018.03.23"]
[EventType "swiss"]
[EventRounds "6"]
[EventCountry "ARG"]
[SourceTitle "EXT 2024"]
[Source "ChessBase"]
[SourceDate "2023.10.10"]
[SourceVersion "1"]
[SourceVersionDate "2023.10.10"]
[SourceQuality "1"]

1. e4 c5 2. d4 cxd4 3. c3 d3 4. c4 Nc6 5. Nc3 g6 6. Bxd3 Bg7 7. Nge2 Nf6 8. h3 0-0 9. 0-0 d6 10. Be3 Ne5 11. f4 Nxd3 12. Qxd3 Bd7 13. Rab1 a5 14. a4 Bc6 15. b3 Nd7 16. Rf2 Nc5 17. Qc2 f5 18. Bxc5 dxc5 19. e5 g5 20. e6 Qd6 21. Nd5 Bxd5 22. cxd5 Qxd5 23. Qc4 Rad8 24. Rff1 Qd2 25. Kh1 g4 26. h4 Qe3 27. Rbd1 Rxd1 28. Rxd1 Qf2 29. g3 Qf3+ 30. Kh2 Bd4 31. Qd3 Qf2+ 32. Kh1 Rd8 33. Qb5 Qf3+ 34. Kh2 Kf8 35. Rxd4 Rxd4 36. Nxd4 Qf2+ 37. Kh1 Qxd4 38. Qxb7 Qd1+ 39. Kh2 Qe2+ 40. Qg2 Qxe6 41. Qa8+ Kf7 42. Qh8 Qe2+ 43. Kg1 Qe1+ 44. Kh2 1/2-1/2

[Event "Santa Fe U2000 op 2nd"]
[Site "Santa Fe"]
[Date "2018.03.23"]
[Round "1.16"]
[White "Rios, Emiliano"]
[Black "Mutuberria, Waldo"]
[Result "1-0"]
[WhiteElo "1665"]
[BlackElo "2012"]
[PlyCount "91"]
[EventDate "2018.03.23"]
[EventType "swiss"]
[EventRounds "6"]
[EventCountry "ARG"]
[SourceTitle "EXT 2024"]
[Source "ChessBase"]
[SourceDate "2023.10.10"]
[SourceVersion "1"]
[SourceVersionDate "2023.10.10"]
[SourceQuality "1"]

1. e4 c5 2. Nf3 Nc6 3. d4 cxd4 4. Nxd4 e5 5. Nb5 d6 6. N1c3 a6 7. Na3 Nf6 8. Bg5 b5 9. Nd5 Be7 10. Bxf6 Bxf6 11. Be2 0-0 12. 0-0 Bg5 13. c3 Ne7 14. Nxe7+ Qxe7 15. Nc2 f5 16. exf5 Bxf5 17. Nb4 Be6 18. Bf3 Rxf3 19. Qxf3 Rf8 20. Nd5 Qd8 21. Qd3 Bf5 22. Qe2 Be6 23. Rad1 Bxd5 24. Rxd5 Be7 25. c4 Qa8 26. Rfd1 h6 27. cxb5 axb5 28. a3 Kh8 29. Rxb5 Rf4 30. Rb4 Rf8 31. Qc2 d5 32. Rb5 Rd8 33. Qc7 Bf6 34. Qb7 Qa4 35. b3 Qxa3 36. Rbxd5 Ra8 37. g3 Re8 38. Qd7 Rd8 39. Qe6 Ra8 40. Rd7 Ra6 41. Qf5 Ra8 42. Qe4 Rb8 43. b4 Qxb4 44. Rd8+ Bxd8 45. Rxd8+ Rxd8 46. Qxb4 1-0

[Event "ARG-ch Amateur U1700"]
[Site "Suipacha"]
[Date "2017.11.17"]
[Round "2.3"]
[White "Blanco, Hugo"]
[Black "Rios, Emiliano"]
[Result "1-0"]
[WhiteElo "1547"]
[BlackElo "1681"]
[PlyCount "63"]
[EventDate "2017.11.17"]
[EventType "swiss"]
[EventRounds "9"]
[EventCountry "ARG"]
[SourceTitle "EXT 2024"]
[Source "ChessBase"]
[SourceDate "2023.10.10"]
[SourceVersion "1"]
[SourceVersionDate "2023.10.10"]
[SourceQuality "1"]

1. e4 c5 2. Nf3 d6 3. d4 cxd4 4. Nxd4 Nf6 5. Nc3 g6 6. Bc4 Bg7 7. Bb3 0-0 8. f3 Nc6 9. Be3 Bd7 10. Qd2 Rc8 11. 0-0-0 Ne5 12. Qe2 Qa5 13. Kb1 Qb4 14. Nd5 Nxd5 15. Bxd5 Nc4 16. Bxc4 Qxc4 17. Qd2 a5 18. h4 a4 19. Qd3 Qb4 20. a3 Qa5 21. h5 d5 22. hxg6 hxg6 23. Bh6 dxe4 24. fxe4 Bg4 25. Rdf1 Rfd8 26. Bxg7 Kxg7 27. Qe3 Rh8 28. Qf4 f5 29. exf5 gxf5 30. Qg5+ Kf7 31. Rxh8 Rxh8 32. Qxg4 1-0

[Event "Santa Fe sf U1700/2000"]
[Site "Santa Fe"]
[Date "2017.03.26"]
[Round "6.19"]
[White "Alzugaray, Julian"]
[Black "Rios, Emiliano"]
[Result "0-1"]
[WhiteElo "1493"]
[BlackElo "1660"]
[PlyCount "30"]
[EventDate "2017.03.24"]
[EventType "swiss"]
[EventRounds "6"]
[EventCountry "ARG"]
[SourceTitle "EXT 2024"]
[Source "ChessBase"]
[SourceDate "2023.10.10"]
[SourceVersion "1"]
[SourceVersionDate "2023.10.10"]
[SourceQuality "1"]

1. e4 e5 2. Nf3 Nc6 3. Bc4 Bc5 4. b4 Bxb4 5. c3 Ba5 6. 0-0 Nf6 7. d4 Nxe4 8. dxe5 0-0 9. Qc2 d5 10. Rd1 Be6 11. Bd3 Bf5 12. Nfd2 Qh4 13. Nf3 Qh5 14. Re1 Rfe8 15. Qb3 Nc5 0-1